Normal view
MARC view
- Out Times 1900-1960
Entry Topical Term
001 - CONTROL NUMBER
- control field: 108373
003 - CONTROL NUMBER IDENTIFIER
- control field: NUST
005 - DATE AND TIME OF LATEST TRANSACTION
- control field: 20230201125536.0
008 - FIXED-LENGTH DATA ELEMENTS
- fixed length control field: 230201|| aca||aabn | a|a d
040 ## - CATALOGING SOURCE
- Original cataloging agency: NUST
- Transcribing agency: NUST
150 ## - HEADING--TOPICAL TERM
- Topical term or geographic name entry element: Out Times 1900-1960
670 ## - SOURCE DATA FOUND
- Source citation: Work cat.: (NUST)186982: Stephan King Hall 108372, Out Times 1900-1960 / , 1961
